000 00520nam a2200181Ia 4500
003 GCL
008 140319s9999 xx 000 0 eng d
040 _aGCL /
_cGCL
082 0 4 _a720
_bA T
100 1 _aACADEMY EDITIONS
245 1 0 _aTHEORY AND EXPERIMENTATION: ARCHITECTURAL IDEAS FOR TODAY AND TOMMORROW /
_cACADEMY EDITIONS
260 _a[S.N] :
_bACADEMY EDITIONS ،
_c1992
300 _a96 P
650 0 4 _aARCHITECTURE
650 0 4 _aMODERN ARCHITECTURE
650 0 4 _aARCHITECTURE MAGAZINE
942 _2ddc
_cBK
999 _c12181
_d12181